00424nam a2200157Ia 4500008004100000040001900041041001200060082002400072100002100096245003200117260003900149300001900188650003300207651000800240850001800248131103s9999 xx 000 0 und d aLoreto College aEnglish a904/GUEbLCLIB/2666 aGuedalla, Philip aMen of warcPhilip Guedalla aLondonbHodder and stoughtonc1923 a255p. c 18cm. aCollected accounts of events aWar aLCLIB/904/GUE